Ozono: la catastrofe que no llega. cap.2 [fotocop.] /

Guardado en:
Autor Principal: Uriarte Anton
Formato: Libro
Publicado: Donostia : Tercera Prensa, 1995
Etiquetas: Agregar Etiqueta
Sin Etiquetas, Sea el primero en etiquetar este registro!
LEADER 00423nam a22001455a 4500
001 CEM.cems010316
005 20060214000000.0
008 130507s1995##################000#0#####d
003 CEMS
082 0 4 |a F574.5 
100 1 |a Uriarte Anton 
245 1 0 |a Ozono: la catastrofe que no llega. cap.2 [fotocop.] / 
260 |a Donostia :  |b Tercera Prensa,  |c 1995 
300 |a 33 p.1 
859 |a CEMS  |b BIB. CEMS - 11 de abril  |h F574.5  |i 13-3  |p 1686.44  |t Ej.1